LEADER 01160nam a2200265 i 4500 001 000000205379 003 CaOOAMICUS 005 20110820000000.0 008 110820s1961 xx u000 u und u 013 $a184116 040 $aSeMil$bita 100 1 $aGramsci, Antonio,$d<1891-1937>.$0(OLS)http://semarc/name/261 245 13$aIl Vaticano e l'Italia /$cAntonio Gramsci ; a cura di Elsa Fubini ; prefazione di Alberto Cecchi. 260 $aRoma :$bEditori Riuniti,$c1961. 300 $a129 p. ;$c19 cm. 490 0 $aPiccola biblioteca marxista. Nuova serie 500 $aContiene : Nota bibliografica. 650 4$aSanta Sede - Relazioni con l'Italia.$0(OLS)http://semarc/subject/6122 700 1 $aCecchi, Alberto.$0(OLS)http://semarc/name/57949 700 1 $aFubini, Elsa.$0(OLS)http://semarc/name/34850 830 0$aPiccola biblioteca marxista. Nuova serie.$0(OLS)http://semarc/title/25797 850 $aSeMil 852 $aSeMil$W1$xVenegono$y1$m3U I 267$j155873$B155873$CSeMilBibl$Z2$F167221 $81 996 $6245$aIl Vaticano e l'Italia$9(OLS)http://semarc/title/297282 996 $6260$aRoma :$bEditori Riuniti$9(OLS)http://semarc/publisher/30240 LEADER 01428nam a2200313 i 4500 001 000000127706 003 CaOOAMICUS 005 20070712000000.0 008 070712s2000 it u000 u ita u 013 $a100420 020 $a88-343-0528-0 040 $aSeMil$bita 100 1 $aCastelli, Cristina.$0(OLS)http://semarc/name/53120 245 13$aIl bambino impara a leggere :$bprove oggettive di prerequisiti /$cC. Castelli, M.R. Mancinelli, E. Ramella. 260 $aMilano :$bVita e Pensiero,$c2000. 300 $a214 p. :$bill. (tabelle) ;$c24 cm. 490 0 $aTesti universitari 500 $aContiene : Bibliografia. 650 4$aFanciulli - Sviluppo psichico - Valutazione.$0(OLS)http://semarc/subject/25110 650 4$aLettura - Apprendimento - Valutazione.$0(OLS)http://semarc/subject/25111 700 1 $aRamella, Elena.$0(OLS)http://semarc/name/6335 700 1 $aMancinelli, Maria Rosaria.$0(OLS)http://semarc/name/46083 830 0$aTesti universitari.$0(OLS)http://semarc/title/20500 850 $aSeMil 852 $aSeMil$W1$xVenegono$y1$m2Q V 19$j81979$B81979$CSeMilBibl$Z2$F125845 $81 961 $aOmaggio: Martini Card. Carlo Maria 996 $6020$a88-343-0528-0$9(OLS)http://semarc/number/114191 996 $6245$aIl bambino impara a leggere :$bprove oggettive di prerequisiti$9(OLS)http://semarc/title/188533 996 $6260$aMilano :$bVita e Pensiero$9(OLS)http://semarc/publisher/29642